Sports General Knowledge #3 - Statistics

General Stats
  • This quiz has been taken 652 times
  • The average score is 11 of 20
Answer Stats
Question Answer % Correct
Which NBA team has won the most championships? Boston Celtics | Los Angeles Lakers
94%
Which female player has the most Grand Slam singles titles in the Open Era? Serena Williams
89%
Which English team did Cristiano Ronaldo play for twice? Manchester United
87%
Which player scored the “Hand of God” goal in the 1986 FIFA World Cup? Diego Maradona
79%
Which player has the most Super Bowl wins in NFL history? Tom Brady
76%
Which city will host the 2028 Summer Olympics? Los Angeles
73%
What is the maximum score in a single round of darts? 180
72%
Which country has won the most Cricket World Cups? Australia
65%
What country is Roger Federer from? Switzerland
64%
Which F1 team did Ayrton Senna win three world titles with? McLaren
52%
Which team won the first-ever World Series in 1903? Boston Red Sox
50%
Which sport takes place in a velodrome? Cycling
49%
Which town is home to the oldest golf course in the world? St Andrews
42%
Which country boasts the largest seated capacity stadium? North Korea
41%
Which player was known as “The Big Fundamental”? Tim Duncan
39%
Which martial art means "the gentle way"? Judo
35%
Which team has won the most Stanley Cups in NHL history? Montreal Canadiens
35%
Which racing series features the Indianapolis 500? IndyCar
29%
Who was the first president to throw the ceremonial first pitch at a Major League Baseball game? William Howard Taft
8%
Which city did the Rams originally play in before moving to Los Angeles? Cleveland
7%
No matching quizzes found
Score Distribution
Percent of People with Each Score
Percentile by Number Answered
Your Score History
You have not taken this quiz